000 00370pab a2200145 454500
008 180718b1985 xxu||||| |||| 00| 0 eng d
100 _aOzawa, Martha N.
245 _aSocial security reform in Japan
260 _c1985
300 _a476-95
362 _aSept.
650 _aInsurance, Social - Legislation - Japan
773 _aSocial Service Review
909 _a11096
999 _c11096
_d11096